[Event "IRI-chT 14th"]
[Site "Tehran"]
[Date "2015.11.11"]
[Round "10.2"]
[White "Kazerooni, Shahriar"]
[Black "Khodashenas, Mersad"]
[Result "0-1"]
[WhiteElo "1928"]
[BlackElo "2343"]
[PlyCount "54"]
[EventDate "2015.07.17"]
[EventType "team-tourn"]
[EventRounds "13"]
[EventCountry "IRI"]
[SourceTitle "EXT 2017"]
[Source "ChessBase"]
[SourceDate "2016.10.25"]
[SourceVersion "1"]
[SourceVersionDate "2016.10.25"]
[SourceQuality "1"]
[WhiteTeam "Bashgah Paeiz Ahvaz"]
[BlackTeam "Nasouz Azarakhsh"]
[WhiteTeamCountry "IRI"]
[BlackTeamCountry "IRI"]

1. e4 e5 2. Nf3 d6 3. d4 exd4 4. Nxd4 Nf6 5. Nc3 Be7 6. Be2 0-0 7. 0-0 Re8 8. f4 Bf8 9. Bf3 Nbd7 10. Re1 c6 11. Be3 Nc5 12. Bf2 Qc7 13. g4 Nfd7 14. Qd2 Nb6 15. b3 Bd7 16. Rad1 Rad8 17. Bg3 Bc8 18. Qf2 f6 19. Rd2 Ne6 20. Red1 Nxd4 21. Qxd4 Be6 22. Qf2 Nc8 23. h4 Qa5 24. Rd3 d5 25. Qd2 Bb4 26. Be1 d4 27. Rxd4 Rxd4 0-1

[Event "IRI-chT 14th"]
[Site "Tehran"]
[Date "2015.09.17"]
[Round "7.2"]
[White "Ghaem Maghami, Ehsan"]
[Black "Kazerooni, Shahriar"]
[Result "1-0"]
[WhiteElo "2596"]
[BlackElo "1928"]
[PlyCount "135"]
[EventDate "2015.07.17"]
[EventType "team-tourn"]
[EventRounds "13"]
[EventCountry "IRI"]
[SourceTitle "EXT 2016"]
[Source "ChessBase"]
[SourceDate "2015.10.08"]
[SourceVersion "1"]
[SourceVersionDate "2015.10.08"]
[SourceQuality "1"]
[WhiteTeam "Tabriz Shahrdari"]
[BlackTeam "Bashgah Paeiz Ahvaz"]
[WhiteTeamCountry "IRI"]
[BlackTeamCountry "IRI"]

1. Nf3 Nf6 2. c4 e6 3. g3 d5 4. d4 Be7 5. Bg2 0-0 6. Nbd2 b6 7. 0-0 Bb7 8. cxd5 exd5 9. Nb1 Nbd7 10. Nc3 Ne4 11. Qb3 Nxc3 12. bxc3 c5 13. Bf4 Nf6 14. dxc5 Bxc5 15. Bg5 h6 16. Bxf6 Qxf6 17. e3 Rac8 18. Rfd1 Rc7 19. Nd4 Bxd4 20. Rxd4 Rfc8 21. Rc1 Rc4 22. Qa3 a6 23. Qb2 b5 24. a3 Qe6 25. h4 R4c5 26. a4 Qb6 27. Bh3 R8c7 28. Bf1 Qa5 29. axb5 axb5 30. Rb4 Ba6 31. Rb3 R7c6 32. Ra1 Qc7 33. Bxb5 Bxb5 34. Rxb5 Rxb5 35. Qxb5 Rxc3 36. Qxd5 Qc6 37. Ra8+ Kh7 38. Qf5+ Qg6 39. Ra5 Rc4 40. h5 Qxf5 41. Rxf5 Kg8 42. Kg2 g6 43. hxg6 fxg6 44. Rd5 Kf7 45. Rd6 Ra4 46. Rd4 Ra5 47. f4 Ra2+ 48. Kf3 Ke6 49. g4 Ra3 50. Ke4 Ra5 51. Rb4 Rc5 52. f5+ gxf5+ 53. gxf5+ Kf7 54. Rb7+ Kf6 55. Rb6+ Kg7 56. Kf4 h5 57. e4 Rc4 58. Rg6+ Kh7 59. Rg1 Ra4 60. f6 Ra2 61. e5 h4 62. e6 Rf2+ 63. Ke5 h3 64. e7 Re2+ 65. Kf5 h2 66. Rh1 Rf2+ 67. Ke6 Re2+ 68. Kf7 1-0